书目信息 |
| 题名: |
荆楚建筑风格研究
|
|
| 作者: | 尹维真 主编 ;湖北省住房和城乡建设厅 编著 | |
| 分册: | ||
| 出版信息: | 北京 中国建筑工业出版社 2015.04 |
|
| 页数: | 179页 | |
| 开本: | 30cm | |
| 丛书名: | ||
| 单 册: | ||
| 中图分类: | TU-862 | |
| 科图分类: | ||
| 主题词: | 建筑风格--jian zhu feng ge--研究--湖北 | |
| 电子资源: | ||
| ISBN: | 978-7-112-18028-8 | |
| 000 | 01295nam0 2200265 450 | |
| 001 | CAL 0120151573313 | |
| 005 | 20150824161001.48 | |
| 010 | @a978-7-112-18028-8@b精装@dCNY178.00 | |
| 100 | @a20150521d2015 em y0chiy50 ea | |
| 101 | 0 | @achi |
| 102 | @aCN@b110000 | |
| 105 | @aab a 000yy | |
| 106 | @ar | |
| 200 | 1 | @a荆楚建筑风格研究@Ajing chu jian zhu feng ge yan jiu@f湖北省住房和城乡建设厅编著@g尹维真主编 |
| 210 | @a北京@c中国建筑工业出版社@d2015.04 | |
| 215 | @a179页@c图 (部分彩图) , 地图@d30cm | |
| 320 | @a有书目 (第175页) | |
| 330 | @a本书从根源出发, 对荆楚文化进行深入探源挖掘, 明确荆楚文化的定义与内涵, 研究荆楚文化的载体, 得出荆楚的文化特征 ; 之后重点对荆楚派建筑风格进行寻根式挖掘, 提炼出荆楚风格的建筑元素 ; 然后从时间轴上出发, 对湖北地域的建筑风格演变进行从古至今的系统梳理与研究, 总结出荆楚风格的建筑特征 ; 最后再对湖北民居与村镇风貌进行汇总研究, 将散落在民间的荆楚风格汇聚一堂, 补充完善研究成果, 凝结出当代及今后城乡建设可供利用借鉴的荆楚派建筑风格与表现方式。 | |
| 586 | @a | |
| 606 | 0 | @a建筑风格@Ajian zhu feng ge@x研究@y湖北 |
| 690 | @aTU-862@v5 | |
| 701 | 0 | @a尹维真@Ayin wei zhen@4主编 |
| 712 | 02 | @a湖北省住房和城乡建设厅@Ahu bei sheng zhu fang he cheng xiang jian she ting@4编著 |
| 801 | 0 | @aCN@c20150820 |
| 905 | @a河南城建学院图书馆@dTU-862@eH573@f1 | |
| 荆楚建筑风格研究/湖北省住房和城乡建设厅编著/尹维真主编.-北京:中国建筑工业出版社,2015.04 |
| 179页:图 (部分彩图) , 地图;30cm |
| ISBN 978-7-112-18028-8(精装):CNY178.00 |
| 本书从根源出发, 对荆楚文化进行深入探源挖掘, 明确荆楚文化的定义与内涵, 研究荆楚文化的载体, 得出荆楚的文化特征 ; 之后重点对荆楚派建筑风格进行寻根式挖掘, 提炼出荆楚风格的建筑元素 ; 然后从时间轴上出发, 对湖北地域的建筑风格演变进行从古至今的系统梳理与研究, 总结出荆楚风格的建筑特征 ; 最后再对湖北民居与村镇风貌进行汇总研究, 将散落在民间的荆楚风格汇聚一堂, 补充完善研究成果, 凝结出当代及今后城乡建设可供利用借鉴的荆楚派建筑风格与表现方式。 |
| ● |
| 相关链接 |
|
|
|
正题名:荆楚建筑风格研究
索取号:TU-862/H573
 
预约/预借
| 序号 | 登录号 | 条形码 | 馆藏地/架位号 | 状态 | 备注 |
| 1 | 1170056 | 211700569 | 建筑库101/101建筑库 20排2列4层/ [索取号:TU-862/H573] | 在馆 |